000 00607nam a22001931 4500
001 sa 68004824
003 DLC
005 20260227112504.0
008 711108s1963 ii b 00000 eng
010 _asa 68004824
050 0 _aZ5853.H9
_bI5 no. 1
110 1 0 _aIndia (Republic).
_bCentral Board of Irrigation and Power.
_bLibrary and Information Bureau.
245 1 0 _aAnnotated bibliography on hydraulic turbines.
260 1 _a[Simla,
_c1963]
300 _aii, 54 p.
_c25 cm.
410 1 1 _aIts
_tBibliographical series,
_vno. 1
500 _aCover title.
650 0 _aHydraulic turbines
_xBibliography.
999 _c80368
_d80368